| 000 | 00734nam a2200253 i 4500 | ||
|---|---|---|---|
| 001 | bg | ||
| 100 | 1 |
_aHUGHES, Geoffrey _d(1939- ) |
|
| 245 | 1 | 0 |
_aA history of English words / _cGeoffrey Hughes. |
| 260 |
_aOxford : _bBlackwell, _c2002. |
||
| 300 |
_aXVIII, 430 s. : _bmapy ; _c21 cm. |
||
| 490 | 1 | _aThe Language Library | |
| 504 | _aBibliogr. - Indeks. | ||
| 650 | 9 |
_aJęzyk angielski _xhistoria |
|
| 650 | 9 | _aLeksykologia | |
| 830 | _aThe Language Library | ||
| 020 | _a063118855X | ||
| 040 | _cBPK | ||
| 041 | 0 | _aeng | |
| 080 | _a811.111(091):811.111'373 | ||
| 920 | _a0-631-18855-X | ||
| 942 | _cKS | ||
| 008 | s pl f |000 0 pol | ||
| 999 |
_c42899 _d42899 |
||